Legal Aspects of Transsexualism /
Saved in:
| Main Author: | |
|---|---|
| Format: | Book (Paper) |
| Language: | English |
| Published: |
Wayland, Massachusetts :
Educational Resources,
1990
|
| Tags: |
Add Tag
No Tags, Be the first to tag this record!
|
| Institutions: | Thư viện Trường Đại học Đà Lạt |
|---|
| LEADER | 00586nam a2200241 4500 | ||
|---|---|---|---|
| 001 | DLU020000826 | ||
| 005 | ##1/5/1999 | ||
| 020 | # | # | |a 0-9625976-0-0 |
| 041 | # | # | |a eng |
| 082 | # | # | |a 346.013 8 |b EL-S |
| 100 | # | # | |a Elizabeth, Mary |
| 245 | # | # | |a Legal Aspects of Transsexualism / |c Mary Elizabeth |
| 260 | # | # | |a Wayland, Massachusetts : |b Educational Resources, |c 1990 |
| 300 | # | # | |a X, 80 tr.; |c 21 cm. |
| 992 | # | # | |a 2000 |
| 994 | # | # | |a DLU |
| 900 | # | # | |a False |
| 911 | # | # | |a Administrator |
| 925 | # | # | |a G |
| 926 | # | # | |a A |
| 927 | # | # | |a SH |
| 980 | # | # | |a Thư viện Trường Đại học Đà Lạt |


